logo

Bir Sreshtho Munshi Abdur Rouf Library
Jhenaidah Cadet College

আকাশ কেন নীল / (Record no. 447)

MARC details
000 -LEADER
fixed length control field 00778nam a2200229 a 4500
001 - CONTROL NUMBER
JCCL Control Number 447
003 - CONTROL NUMBER IDENTIFIER
JCCL marc code BD-JhCC
005 - DATE AND TIME OF LATEST TRANSACTION
control field 20171015163536.0
008 - FIXED-LENGTH DATA ELEMENTS--GENERAL INFORMATION
fixed length control field 171005s19621966bg a|||| || | 001 1 ben d
035 ## - SYSTEM CONTROL NUMBER
system control number (BD-JhCC)447
040 ## - CATALOGING SOURCE
Original cataloging agency BD-JhCC
Modifying agency BD-JhCC
041 ## - LANGUAGE CODE
Language code of Book ben
082 ## - DEWEY DECIMAL CLASSIFICATION NUMBER
Classification number 502
Author mark and Year RED 1966
100 ## - MAIN ENTRY--PERSONAL NAME
Personal name রীড, ম্যাক্সওয়েল
245 ## - TITLE STATEMENT
Title আকাশ কেন নীল /
Statement of responsibility, etc ম্যাক্সওয়েল রীড; আবদুল হাই মাশরেকী (আনু.)
260 ## - PUBLICATION, DISTRIBUTION, ETC. (IMPRINT)
Place of publication, distribution, etc ঢাকা :
Name of publisher, distributor, etc প্রিমিয়ার বুকস্
300 ## - PHYSICAL DESCRIPTION
Pagination 116 p.;
Dimensions 17cm.
650 ## - SUBJECT ADDED ENTRY--TOPICAL TERM
Topical term or geographic name as entry element Earth Science
General subdivision Question & Answer
700 ## - ADDED ENTRY--PERSONAL NAME
Personal name মাশরেকী, আবদুল হাই
942 ## - ADDED ENTRY ELEMENTS (KOHA)
Source of classification or shelving scheme Dewey Decimal Classification
Koha item type Books
Holdings
Source of classification or shelving scheme Damaged status Not for loan Home library Current library Shelving location Cost, normal purchase price Total Checkouts Full call number Barcode Date last seen Copy number Koha item type
Dewey Decimal Classification     JCC Rouf Library JCC Rouf Library General Stacks 2.50   502.0 RED 1966 1004 10/05/2017 C-1 Books

JCC Library | Contacts | JCC Home

Last Update on 23 September 2017
Copyright @ 2017-2020 JCC Rouf Library
Rouf Library, Jhenidah Cadet College (JCC), Bangladesh